| 000 | 01240cab a22001935a 4500 | ||
|---|---|---|---|
| 001 | L156846 | ||
| 008 | 120719e2012 xxk 000 0 eng d | ||
| 035 | _a(Sirsi) u156846 | ||
| 041 | 0 | _aeng | |
| 245 | 0 | 0 | _aScottish Widows Fund and Life Assurance Company v BGC International (formerly Cantor Fitzgerald International) |
| 260 | _c2012 | ||
| 520 | _a[2012] EWCA Civ 607, 9 May 2012. Overturns a judgment allowing a sublease to be rewritten to give effect to what the judge thought the parties really intended. Respondent S sublet premises in London's Docklands to appellant B agreeing to subsidise the difference between the market rent and its rent liability for a period. The sublease led to a shortfall in the rent payable to B. S contended that there was a mistake in the sublease draft. "Held": appeal allowed. CA rejected S's rectification claim and found S liable for the shortfall. | ||
| 590 | _aKA | ||
| 650 | 2 | 4 | _aSCOTTISH WIDOWS FUND & LIFE ASSURANCE SOCIETY V BGC INTERNATIONAL (FORMERLY CANTOR FITZGERALD INTERNATIONAL) |
| 651 | 4 |
_aEngland and Wales _y1543- |
|
| 690 |
_aLandlord and tenant _96252 |
||
| 856 | 4 | 0 |
_uhttps://www.bailii.org/ew/cases/EWCA/Civ/2012/607.html _zView the law report at www.bailii.org |
| 942 | _n0 | ||
| 999 |
_c84175 _d84175 |
||